| 000 | 00749nac a22001931u 4500 | ||
|---|---|---|---|
| 020 | _a8185749477 | ||
| 082 |
_a660.2 _bS9431 |
||
| 090 |
_c1010 _d1010 |
||
| 100 | _aSud, Dhiraj. | ||
| 245 |
_aComprehensive engineering chemistry / _cSud Dhiraj. |
||
| 250 | _a2nd ed. | ||
| 260 |
_aNew Delhi : _bS. K. Kataria & Sons, _c2004. |
||
| 300 |
_a395 p. : _billus; _c24 cm. |
||
| 500 | _aIncludes index. | ||
| 650 | _aChemical engineering. | ||
| 942 |
_cBB _k660.2S9431 |
||
| 999 |
_c1010 _d1010 |
||